| 000 | 00805nam a2200277 i 4500 | ||
|---|---|---|---|
| 001 | 42612 | ||
| 003 | ES-MaACL | ||
| 005 | 20230906160639.0 | ||
| 007 | t| | ||
| 008 | 030313s1977 sp ||||1| spa d | ||
| 020 | _a84-245-0209-4 | ||
| 080 | _a343.822.9(460) | ||
| 080 | _a340.96 | ||
| 080 | _a343.292/.293(460) | ||
| 100 | 1 |
_aCastells Arteche, Miguel. _936595 |
|
| 245 | 1 | 4 |
_aLos procesos políticos : _b(de la cárcel a la amnistía) / _cMiguel Castells Arteche. |
| 260 |
_aMadrid : _bFundamentos, _c[1977] |
||
| 300 |
_a215 p. ; _c20 cm. |
||
| 490 | 1 |
_aCiencia ; _v80 |
|
| 650 | 4 |
_aPresos políticos- _zEspaña. _9174042 |
|
| 650 |
_aProcesos políticos. _9136770 |
||
| 650 | 4 |
_aAmnistía. _99753 |
|
| 830 | 1 |
_aCiencia ; _v80 _9178487 |
|
| 852 | 4 |
_aES-MaACL _jA-6593 |
|
| 999 |
_c42612 _d42612 |
||